00651cam a22002171 45000010008000000030009000080050017000170080041000340100017000750350020000920400029001120420012001410500024001530820018001771000040001952450067002352600057003023000032003596500024003916510018004155992419BDDh-ASL20231015030704.0890428s1905 ii b 000 0 eng  a 44020508  a(OCoLC)19621778 aDLCcCU-SdDLCdBDDh-ASL apremarc00aDS485.E3bA4 vol. 5 a910.3954bALA1 aAllen, Basil Copleston,d1870-1935.10aAssam District Gazetteers. Volume-02 Sylhet /cby B. C. Allen. aCalcutta: bCaledonian Steam Printing Press, c1905. a151, lxxviii, ix p.c21 cm. 0aDistrict Gazetteers 0aSylhetzAssam